Monitoreo de enfermedades de "colza" (Brassica napus) en la zona pampeana sur /

Guardado en:
Autor Principal: Longás, María de las Mercedes.
Autor Corporativo: Universidad Nacional del Sur. Departamento de Agronomía.
Otros Autores: Delhey, Rolf, (tutor.)
Formato: Libro
Idioma:Spanish
Publicado: Bahía Blanca, 2009.
Etiquetas: Agregar Etiqueta
Sin Etiquetas, Sea el primero en etiquetar este registro!
LEADER 00732nam a22001695a 4500
001 EEA.libagro008241
005 20161031124457.0
008 130809s2009####ag#a##########000#0#spa#d
082 0 4 |a 633.8539 
100 1 |a Longás, María de las Mercedes. 
245 1 0 |a Monitoreo de enfermedades de "colza" (Brassica napus) en la zona pampeana sur /  |c María de las Mercedes Longás. 
260 |a Bahía Blanca,  |c 2009. 
300 |a 55 h. :  |b il. ;  |c 30 cm. 
502 |a Trabajo de intensificación (Ingeniero Agrónomo) -- Universidad Nacional del Sur. Departamento de Agronomía, 2009. 
700 1 |a Delhey, Rolf,  |e tutor. 
710 2 |a Universidad Nacional del Sur.  |b Departamento de Agronomía. 
859 |a AR-BbBCA  |b BIB. AGRONOMIA  |h 633.8539  |i L849  |p 2009/5630